[Event "Muensterland Verbandsliga 1617"]
[Site "Germany"]
[Date "2016.10.01"]
[Round "2.4"]
[White "Sicking, Norbert"]
[Black "Junker, Axel"]
[Result "0-1"]
[WhiteElo "1803"]
[BlackElo "1873"]
[PlyCount "60"]
[EventDate "2016.09.10"]
[EventType "team"]
[EventRounds "9"]
[EventCountry "GER"]
[SourceTitle "EXT 2018"]
[Source "ChessBase"]
[SourceDate "2017.10.13"]
[SourceVersion "1"]
[SourceVersionDate "2017.10.13"]
[SourceQuality "1"]
[WhiteTeam "Heiden"]
[BlackTeam "Telgte"]
[WhiteTeamCountry "GER"]
[BlackTeamCountry "GER"]

1. Nf3 c5 2. g3 Nc6 3. Bg2 Nf6 4. 0-0 g6 5. c3 Bg7 6. d3 d6 7. e4 Bd7 8. Nbd2 b5 9. Rb1 a5 10. d4 cxd4 11. Nxd4 Nxd4 12. cxd4 Rc8 13. b3 Qb6 14. Bb2 Bg4 15. f3 Bd7 16. Kh1 h5 17. d5 h4 18. gxh4 Rxh4 19. Qe1 Rh7 20. Rc1 Ng4 21. Rxc8+ Bxc8 22. fxg4 Bxb2 23. Qe2 Be5 24. h3 Qc5 25. Nb1 Bd7 26. Re1 Bf4 27. Bf1 g5 28. Kg2 Rh4 29. Kf3 Qg1 30. Qf2 Bxg4+ 0-1

[Event "Muensterland Verbandsliga 1617"]
[Site "Germany"]
[Date "2016.09.10"]
[Round "1.4"]
[White "Junker, Axel"]
[Black "Te Sligte, Bert"]
[Result "1-0"]
[WhiteElo "1873"]
[BlackElo "1824"]
[PlyCount "97"]
[EventDate "2016.09.10"]
[EventType "team"]
[EventRounds "9"]
[EventCountry "GER"]
[SourceTitle "EXT 2018"]
[Source "ChessBase"]
[SourceDate "2017.10.13"]
[SourceVersion "1"]
[SourceVersionDate "2017.10.13"]
[SourceQuality "1"]
[WhiteTeam "Telgte"]
[BlackTeam "Stadtlohn"]
[WhiteTeamCountry "GER"]
[BlackTeamCountry "GER"]

1. c4 e5 2. Nc3 Nf6 3. Nf3 d6 4. g3 Nc6 5. Bg2 Be7 6. 0-0 0-0 7. Rb1 Bf5 8. d3 h6 9. b4 Rb8 10. e3 Qd7 11. b5 Na5 12. e4 Bg4 13. Qa4 b6 14. Bd2 Nb7 15. Ne1 Nc5 16. Qc2 Ne6 17. f3 Nd4 18. Qc1 Bh3 19. Nc2 Nxc2 20. Qxc2 Rfc8 21. Nd5 Nxd5 22. cxd5 Bxg2 23. Kxg2 Ra8 24. Qc6 Qxc6 25. bxc6 Rf8 26. f4 exf4 27. gxf4 f5 28. Bb4 Rae8 29. Rbe1 Bh4 30. Re2 Bf6 31. e5 Rf7 32. d4 a5 33. Bc3 Rfe7 34. Rd2 Bh4 35. Kh3 g5 36. Rg2 Rf7 37. Be1 Bxe1 38. Rxe1 g4+ 39. Kh4 Kg7 40. Kh5 Kh7 41. Reg1 Rd8 42. e6 Rf6 43. h3 gxh3 44. Rg7+ Kh8 45. Rxc7 Rg8 46. Rh1 Rff8 47. Rxh3 Rg4 48. e7 Re8 49. Rd7 1-0

[Event "Muensterland Regionalliga 1516"]
[Site "Germany"]
[Date "2016.04.09"]
[Round "8.3"]
[White "Junker, Axel"]
[Black "Engels, Natia"]
[Result "0-1"]
[WhiteElo "1871"]
[BlackElo "2013"]
[PlyCount "90"]
[EventDate "2015.09.05"]
[EventType "team"]
[EventRounds "9"]
[EventCountry "GER"]
[SourceTitle "EXT 2017"]
[Source "ChessBase"]
[SourceDate "2016.10.25"]
[SourceVersion "1"]
[SourceVersionDate "2016.10.25"]
[SourceQuality "1"]
[WhiteTeam "Telgte"]
[BlackTeam "Steinfurt"]
[WhiteTeamCountry "GER"]
[BlackTeamCountry "GER"]

1. c4 e5 2. Nc3 Nf6 3. Nf3 Nc6 4. g3 d5 5. cxd5 Nxd5 6. d3 Be7 7. Bg2 Be6 8. Bd2 Nb6 9. a3 0-0 10. b4 a6 11. Rc1 f5 12. Qc2 Kh8 13. 0-0 g5 14. e3 Bf6 15. Rfd1 Qe7 16. Ne2 Qf7 17. Rb1 Qh5 18. Bc3 Nd5 19. Ba1 Bg7 20. d4 e4 21. Ne5 Nce7 22. g4 fxg4 23. Ng3 Qh4 24. Bxe4 Rf6 25. Rbc1 Raf8 26. Rd2 c6 27. Re1 Nf4 28. Bg2 Rh6 29. Nf1 Nxg2 30. Kxg2 Qh3+ 31. Kg1 Nf5 32. e4 Nh4 33. f4 gxf4 34. d5 cxd5 35. exd5 Bf5 36. Qc3 Nf3+ 37. Kh1 Bxe5 38. Qc1 Bxa1 39. Qxa1+ Kg8 40. Re7 Rg6 41. Rde2 g3 42. Rg2 Nh4 43. Qa2 Qxg2+ 44. Qxg2 Nxg2 45. Kxg2 Bh3+ 0-1

[Event "Muensterland Verbandsliga 1415"]
[Site "Germany"]
[Date "2015.05.09"]
[Round "9.4"]
[White "Voss, Norbert"]
[Black "Junker, Axel"]
[Result "0-1"]
[WhiteElo "1857"]
[BlackElo "1874"]
[PlyCount "112"]
[EventDate "2014.09.06"]
[EventType "team-tourn"]
[EventRounds "9"]
[EventCountry "GER"]
[SourceTitle "EXT 2016"]
[Source "ChessBase"]
[SourceDate "2015.10.08"]
[SourceVersion "1"]
[SourceVersionDate "2015.10.08"]
[SourceQuality "1"]
[WhiteTeam "Muenster IV"]
[BlackTeam "Telgte"]
[WhiteTeamCountry "GER"]
[BlackTeamCountry "GER"]

1. b3 e5 2. Bb2 Nc6 3. e3 d5 4. Bb5 Bd6 5. Nf3 Qe7 6. c4 Nf6 7. c5 Bxc5 8. Nxe5 Bd7 9. Nxd7 Qxd7 10. Bxf6 gxf6 11. 0-0 a6 12. Bxc6 Qxc6 13. Nc3 0-0-0 14. Qf3 Qe6 15. Ne2 Rhg8 16. g3 Qg4 17. Qxg4+ Rxg4 18. Nf4 c6 19. Nh5 Rg6 20. d4 Bd6 21. Rfe1 Re8 22. Kg2 Kd7 23. h4 f5 24. Kf3 Re4 25. Rh1 Reg4 26. Rae1 Rh6 27. Nf4 Bxf4 28. exf4 Re6 29. Re5 Rxe5 30. dxe5 c5 31. Ke3 d4+ 32. Kd3 b5 33. a4 Kc6 34. h5 Kd5 35. axb5 axb5 36. Ra1 c4+ 37. Kd2 Ke4 38. Re1+ Kf3 39. bxc4 bxc4 40. Rc1 c3+ 41. Kd3 Kxf2 42. Kxd4 Rxg3 43. Kd5 Rd3+ 44. Kc4 Rd8 45. Kb3 Ke3 46. Rf1 Rc8 47. Kc2 Rc4 48. e6 fxe6 49. Re1+ Kxf4 50. Rxe6 Rc7 51. h6 Kg5 52. Re5 Kf6 53. Re1 Kg6 54. Rf1 Kg5 55. Rf2 f4 56. Rf1 Rc6 0-1

[Event "Muensterland Verbandsliga 1415"]
[Site "Germany"]
[Date "2015.03.14"]
[Round "7.4"]
[White "Sicking, Norbert"]
[Black "Junker, Axel"]
[Result "1/2-1/2"]
[WhiteElo "1761"]
[BlackElo "1874"]
[PlyCount "53"]
[EventDate "2014.09.06"]
[EventType "team-tourn"]
[EventRounds "9"]
[EventCountry "GER"]
[SourceTitle "EXT 2016"]
[Source "ChessBase"]
[SourceDate "2015.10.08"]
[SourceVersion "1"]
[SourceVersionDate "2015.10.08"]
[SourceQuality "1"]
[WhiteTeam "Heiden"]
[BlackTeam "Telgte"]
[WhiteTeamCountry "GER"]
[BlackTeamCountry "GER"]

1. d4 Nf6 2. Nf3 b5 3. g3 Bb7 4. Bg2 e6 5. 0-0 c5 6. c3 Be7 7. Nbd2 0-0 8. Re1 Ne4 9. Ne5 f5 10. Qc2 d5 11. f3 Nxd2 12. Bxd2 Qb6 13. e3 Bf6 14. f4 Bxe5 15. fxe5 Nc6 16. Kh1 Rac8 17. Qd1 g6 18. b4 c4 19. Qe2 Qd8 20. Rf1 h5 21. h3 Rf7 22. Qf3 Rh7 23. Kg1 Rcc7 24. a4 a6 25. axb5 axb5 26. Qe2 h4 27. g4 1/2-1/2

[Event "Muensterland Verbandsliga 1415"]
[Site "Germany"]
[Date "2015.01.31"]
[Round "6.3"]
[White "Hanewinkel, Winfried"]
[Black "Junker, Axel"]
[Result "1/2-1/2"]
[WhiteElo "1930"]
[BlackElo "1874"]
[PlyCount "57"]
[EventDate "2014.09.06"]
[EventType "team-tourn"]
[EventRounds "9"]
[EventCountry "GER"]
[SourceTitle "EXT 2016"]
[Source "ChessBase"]
[SourceDate "2015.10.08"]
[SourceVersion "1"]
[SourceVersionDate "2015.10.08"]
[SourceQuality "1"]
[WhiteTeam "Beelen"]
[BlackTeam "Telgte"]
[WhiteTeamCountry "GER"]
[BlackTeamCountry "GER"]

1. d4 Nf6 2. Nf3 b5 3. Bf4 Bb7 4. e3 a6 5. c4 bxc4 6. Bxc4 e6 7. Nc3 d5 8. Bd3 c5 9. 0-0 Bd6 10. Bxd6 Qxd6 11. dxc5 Qxc5 12. Rc1 Qe7 13. Na4 0-0 14. Nc5 Rc8 15. Nxb7 Rxc1 16. Qxc1 Qxb7 17. Qc2 Qc6 18. Rc1 Qxc2 19. Rxc2 Nbd7 20. b4 Kf8 21. Rc6 Nb8 22. Rc7 Nfd7 23. Nd4 Ke7 24. Rc8 g6 25. a4 e5 26. Nc6+ Kd6 27. Nxb8 Rxb8 28. Bxa6 Rxb4 29. Bb5 1/2-1/2

[Event "Muensterland Verbandsklasse-B 1213"]
[Site "Germany"]
[Date "2012.09.15"]
[Round "1.5"]
[White "Junker, Axel"]
[Black "Schley, Robert"]
[Result "1-0"]
[WhiteElo "1816"]
[BlackElo "1556"]
[PlyCount "73"]
[EventDate "2012.09.15"]
[EventType "team-tourn"]
[EventRounds "9"]
[EventCountry "GER"]
[SourceTitle "EXT 2015"]
[Source "ChessBase"]
[SourceDate "2014.11.20"]
[SourceVersion "1"]
[SourceVersionDate "2014.11.20"]
[SourceQuality "1"]
[WhiteTeam "Telgte"]
[BlackTeam "Stadtlohn"]
[WhiteTeamCountry "GER"]
[BlackTeamCountry "GER"]

1. c4 Nf6 2. Nc3 e6 3. g3 d5 4. d4 Nbd7 5. Nf3 Bb4 6. Qb3 c5 7. Bg2 dxc4 8. Qxc4 Nb6 9. Qd3 0-0 10. a3 c4 11. Qc2 Be7 12. 0-0 Qc7 13. Bf4 Bd6 14. Nb5 Bxf4 15. Nxc7 Bxc7 16. b3 Bd7 17. bxc4 Bc6 18. Nd2 Bxg2 19. Kxg2 Rac8 20. Rab1 Bd8 21. c5 Rc7 22. Qd3 Nbd7 23. Nc4 Be7 24. a4 Rd8 25. Qb3 Nb8 26. e3 Nc6 27. f4 g6 28. a5 Nd5 29. a6 Ndb4 30. axb7 Rxb7 31. Qa4 Rdb8 32. Na5 Nxa5 33. Qxa5 Nd5 34. Rxb7 Rxb7 35. Kf3 f5 36. Qa6 Rc7 37. Qxe6+ 1-0

[Event "Muensterland-ch"]
[Site "Telgte"]
[Date "2012.04.05"]
[Round "4.2"]
[White "Junker, Axel"]
[Black "Schroer, Klaus"]
[Result "0-1"]
[WhiteElo "1840"]
[BlackElo "2034"]
[PlyCount "72"]
[EventDate "2012.04.02"]
[EventType "tourn"]
[EventRounds "7"]
[EventCountry "GER"]
[SourceTitle "EXT 2016"]
[Source "ChessBase"]
[SourceDate "2015.10.08"]
[SourceVersion "1"]
[SourceVersionDate "2015.10.08"]
[SourceQuality "1"]

1. d4 Nf6 2. Nf3 e6 3. c4 b6 4. a3 Bb7 5. e3 Be7 6. Nc3 d5 7. Bd3 0-0 8. 0-0 c5 9. cxd5 exd5 10. Re1 Re8 11. Ne5 a6 12. Qf3 Nc6 13. Ne2 Qc7 14. Nxc6 Bxc6 15. Ng3 Bd6 16. Bd2 Ne4 17. Bc3 Re6 18. Bxe4 dxe4 19. Qg4 Rg6 20. Qh5 Rd8 21. dxc5 Bxg3 22. hxg3 Rd5 23. cxb6 Qxb6 24. Qe2 Bb5 25. Qc2 Qe6 26. Qb3 f6 27. Rad1 Bd3 28. Qb8+ Kf7 29. Bb4 Rh6 30. Qf8+ Kg6 31. f3 exf3 32. gxf3 Rh1+ 33. Kf2 Rh2+ 34. Kg1 Qh3 35. Qe8+ Kh6 36. e4 Qg2# 0-1

[Event "Muensterland Verbandsklasse-B 0910"]
[Site "Germany"]
[Date "2010.01.09"]
[Round "5.5"]
[White "Junker, Axel"]
[Black "Merkentrup, Ralf"]
[Result "1/2-1/2"]
[WhiteElo "1797"]
[BlackElo "1671"]
[PlyCount "81"]
[EventDate "2009.09.19"]
[EventType "team-tourn"]
[EventRounds "9"]
[EventCountry "GER"]
[SourceTitle "EXT 2011"]
[Source "ChessBase"]
[SourceDate "2010.11.26"]
[SourceVersion "1"]
[SourceVersionDate "2010.11.26"]
[SourceQuality "1"]
[WhiteTeam "Telgte"]
[BlackTeam "Beelen"]
[WhiteTeamCountry "GER"]
[BlackTeamCountry "GER"]

1. c4 e5 2. Nc3 Nf6 3. Nf3 Nc6 4. g3 d5 5. cxd5 Nxd5 6. Bg2 Nb6 7. d3 Be7 8. 0-0 0-0 9. a3 a5 10. Bd2 Be6 11. Rc1 a4 12. Nb5 f6 13. Qc2 Bb3 14. Qb1 Qd7 15. Ne1 Rac8 16. Bxc6 bxc6 17. Na7 Rce8 18. Nxc6 Bd6 19. Bb4 f5 20. Bxd6 cxd6 21. Nb4 f4 22. Nf3 Re6 23. Kg2 Rh6 24. Ng1 Be6 25. Rfe1 Bh3+ 26. Kh1 fxg3 27. fxg3 Qb7+ 28. e4 Rf2 29. Nxh3 Rxh3 30. Rc2 Rhxh2+ 31. Kg1 Rhg2+ 32. Kh1 Rxc2 33. Nxc2 Rxg3 34. Qa2+ Kh8 35. Qe6 Qc8 36. Qxc8+ Nxc8 37. Nb4 h5 38. Rc1 Ne7 39. Rc7 Ng8 40. Ra7 Nh6 41. Rxa4 1/2-1/2